00646 2200217 4500001002100000005001500021035002000036007000300056008004100059020002200100082001000122084001600132100001600148245009300164250001100257260006800268300002500336650002200361700003200383990001300415INLIS00000000000059620230110084837 a0010-0123000063ta230110 g 0 ind  a978-602-427-126-8 a959.8 a959.8 SAD s0 aSadirman AM1 aSejarah Indonesia :bSMA/MA/SMK/MAK kelas XI /cSadirman AM, Amurwani Dwi Lestariningsih acet. 1 aJakarta :bPerpustakaan Nasional: Katalog Dalam Terbitan,c2017 a392 :bIlus ;c25 cm 4aSejarah Indonesia0 aAmurwani Dwi Lestariningsih a07240724